00542nam a2200145Ia 4500008004100000020001400041245011100055260006800166516002000234650002200254650001600276650002000292830002600312856005800338150121s9999 xx 000 0 und d a2244-1867 aIAMURE :bInternational Journal of Lesbian, Gay, Bisexual and Transgender Studies /h[electronic resource] bInternational Association of Multidisciplinary Research,c2014. aElectronic text aHealth Education. aPsychology. aSocial Science. aPhilippine E-Journals uhttp://www.ejournals.ph/index.php?journal=IAMURE-LGBT